| 000 | 00516nam a2200181 a 4500 | ||
|---|---|---|---|
| 005 | 20210219154243.0 | ||
| 008 | 030110s1963 mx r 000 0 spa d | ||
| 035 | _aUPN01000121298 | ||
| 049 | _aCG | ||
| 050 | 4 |
_aLB3405 _bV3.8 |
|
| 100 | 1 | _aVannier, Maryhelen | |
| 245 | 0 |
_aTeaching health in elementary schools / _cMaryhelen Vannier. |
|
| 260 |
_aNew York : _bHarper & Row, _cc1963. |
||
| 300 |
_axi, 415 p. : _bfots. |
||
| 650 | 4 |
_aHIGIENE ESCOLAR - _xENSEĆANZA ELEMENTAL |
|
| 902 | _aCAA/tgg. | ||
| 905 | _aLibro | ||
| 999 |
_c93547 _d93547 |
||